|
|
|
|
| LEADER |
00645nab a2200193 i 4500 |
| 001 |
publ31221 |
| 005 |
20241204111650.0 |
| 008 |
241204s2001 hu o 000 hun d |
| 022 |
|
|
|a 1219-8641
|
| 024 |
7 |
|
|a 2141929
|2 mtmt
|
| 040 |
|
|
|a SZTE Publicatio Repozitórium
|b hun
|
| 041 |
|
|
|a hun
|
| 100 |
1 |
|
|a Husz Sándor
|
| 245 |
1 |
2 |
|a A hólyagos betegségek diagnózisa, klinikuma és kezelése
|h [elektronikus dokumentum] /
|c Husz Sándor
|
| 260 |
|
|
|c 2001
|
| 300 |
|
|
|a 161-165
|
| 490 |
0 |
|
|a HÁZIORVOS TOVÁBBKÉPZŐ SZEMLE
|v 6 No. 3
|
| 650 |
|
4 |
|a Klinikai orvostan
|
| 856 |
4 |
0 |
|u http://publicatio.bibl.u-szeged.hu/31221/1/aok_klny_382_01.pdf
|z Dokumentum-elérés
|